| 000 | 01455nam a2200421 c 4500 | ||
|---|---|---|---|
| 001 | 46217 | ||
| 003 | ES-MaCES | ||
| 005 | 20180131142522.0 | ||
| 007 | cr ||||||||||| | ||
| 008 | 150814s2015 sz |||||r i||| ||eng | ||
| 020 | _a9789221292630 | ||
| 020 | _a9789221292647 (web pdf) | ||
| 040 |
_aES-MaCES _bspa _cES-MaCES |
||
| 245 | 0 | 0 |
_aWorld employment social outlook 2015 _hRecurso electrónico _b: the changing nature of jobs _cInternational Labour Office, ILO Research Department |
| 250 | _a1st ed | ||
| 260 |
_aGeneva _bILO _c2015 |
||
| 300 |
_a1 documento pdf _bgráf. col. _c(3,79 mb) |
||
| 504 | _aBibliografía: p. 63-67 | ||
| 541 | _cGratuito | ||
| 650 | 4 |
_aempleo _928299 |
|
| 650 | 4 |
_acondiciones de empleo _930040 |
|
| 650 | 4 |
_apobreza _927112 |
|
| 650 | 4 |
_adesigualdad social _930789 |
|
| 650 | 4 |
_adiferencia del salario _929458 |
|
| 650 | 4 |
_aprotección social _929076 |
|
| 650 | 4 |
_alegislación del trabajo _927166 |
|
| 650 | 4 |
_aflexibilidad del trabajo _930174 |
|
| 650 | 4 |
_aglobalización económica _930653 |
|
| 650 | 4 |
_aevaluación del impacto _930732 |
|
| 650 | 4 |
_apaís desarrollado _927091 |
|
| 650 | 4 |
_apaís en desarrollo _927092 |
|
| 650 | 4 |
_acuadros estadísticos _928890 |
|
| 653 | 1 | 0 | _aEmpleo |
| 710 | 2 |
_94718 _aOrganización Internacional del Trabajo |
|
| 856 | 4 |
_uhttp://biblioteca.ces.es/repintra/B46217.pdf _ytexto completo _z[intranet] |
|
| 902 | _aELE PUB. ELECTRONICA | ||
| 942 |
_2CES _cBK _h2.1. |
||
| 999 |
_c46217 _d46217 |
||